[Event "ZH-2014-0-01197"]
[Site "LSS email"]
[Date "2014.03.22"]
[Round "?"]
[White "Kahl, Fred"]
[Black "Savic, Milan M"]
[Result "1/2-1/2"]
[WhiteElo "2357"]
[BlackElo "2164"]
[PlyCount "69"]
[EventDate "2014.03.13"]
[EventType "match (corr)"]
[EventRounds "2"]
[EventCountry "GER"]
[SourceTitle "Corr 2022"]
[Source "ChessBase"]
[SourceDate "2021.10.24"]
[SourceVersion "1"]
[SourceVersionDate "2021.10.24"]
[SourceQuality "1"]

1. d4 Nf6 2. c4 e6 3. g3 d5 4. Nf3 Be7 5. Bg2 0-0 6. 0-0 dxc4 7. Qc2 a6 8. a4 Bd7 9. Qxc4 Bc6 10. Bg5 Bd5 11. Qd3 c5 12. Nc3 Bc6 13. Rfd1 cxd4 14. Nxd4 Bxg2 15. Kxg2 Nbd7 16. Qf3 Rb8 17. e4 Qa5 18. Bf4 Ne5 19. Qe2 Rbd8 20. Nb3 Qc7 21. Rac1 Rxd1 22. Nxd1 Qd6 23. Nc5 Qd4 24. Be3 Qb4 25. f3 Rd8 26. Nf2 Nfd7 27. Nxd7 Rxd7 28. Rc8+ Rd8 29. Rxd8+ Bxd8 30. Qd1 Be7 31. b3 f6 32. Qc2 Kf7 33. f4 Nc6 34. Qd3 Bc5 35. Bxc5 1/2-1/2

[Event "SM-2014-0-00284"]
[Site "LSS email"]
[Date "2014.01.31"]
[Round "?"]
[White "Dorer, Manfred"]
[Black "Savic, Milan M"]
[Result "0-1"]
[WhiteElo "2329"]
[BlackElo "2159"]
[PlyCount "70"]
[EventDate "2013.12.10"]
[EventType "tourn (corr)"]
[EventRounds "6"]
[EventCountry "GER"]
[SourceTitle "Corr 2022"]
[Source "ChessBase"]
[SourceDate "2021.10.24"]
[SourceVersion "1"]
[SourceVersionDate "2021.10.24"]
[SourceQuality "1"]

1. d4 Nf6 2. c4 e6 3. Nf3 b6 4. g3 Bb7 5. Bg2 Be7 6. 0-0 0-0 7. Nc3 Ne4 8. Qc2 Nxc3 9. Qxc3 c5 10. Rd1 d6 11. b3 Bf6 12. Bb2 Qe7 13. Qc2 Nc6 14. e4 e5 15. d5 Nd4 16. Bxd4 exd4 17. Rab1 Rae8 18. Ne1 Qc7 19. b4 Bc8 20. Nd3 g6 21. f4 Bg7 22. bxc5 bxc5 23. Re1 Re7 24. Qa4 f5 25. exf5 Re3 26. Rxe3 dxe3 27. fxg6 hxg6 28. Qc2 Bd4 29. Qe2 g5 30. fxg5 Bf5 31. g6 Qd7 32. Kh1 Bg4 33. Qe1 Qf5 34. Nf4 Bc3 35. Qf1 e2 0-1

[Event "SM-2014-0-00284"]
[Site "LSS email"]
[Date "2014.01.31"]
[Round "?"]
[White "Salvatore, Carmine"]
[Black "Savic, Milan M"]
[Result "1/2-1/2"]
[WhiteElo "2334"]
[BlackElo "2159"]
[PlyCount "117"]
[EventDate "2013.12.10"]
[EventType "tourn (corr)"]
[EventRounds "6"]
[EventCountry "GER"]
[SourceTitle "Corr 2022"]
[Source "ChessBase"]
[SourceDate "2021.10.24"]
[SourceVersion "1"]
[SourceVersionDate "2021.10.24"]
[SourceQuality "1"]

1. e4 e5 2. Nf3 Nc6 3. Bb5 a6 4. Bxc6 dxc6 5. 0-0 f6 6. d4 Bg4 7. dxe5 Qxd1 8. Rxd1 fxe5 9. Rd3 Bd6 10. Nbd2 Nf6 11. b3 0-0-0 12. Bb2 Rhe8 13. Re1 b5 14. a3 Rd7 15. h3 Bh5 16. g4 Bf7 17. b4 h6 18. Kg2 Kb7 19. Nb3 Bxb3 20. Rxb3 g5 21. c4 bxc4 22. Rc3 h5 23. Nxg5 hxg4 24. h4 c5 25. Rxc4 cxb4 26. axb4 Kb6 27. Kg3 Bf8 28. Rec1 Rd3+ 29. f3 Bd6 30. R4c3 Rd2 31. R1c2 Rxc2 32. Rxc2 gxf3 33. Bc3 Kb5 34. Kxf3 Rh8 35. Kg3 Rg8 36. Kh3 Nd7 37. Rb2 Nb6 38. Be1 Nc4 39. Rb3 Rg7 40. Nf3 Rh7 41. Ng5 Rh8 42. Nf7 Rf8 43. Nxd6+ Nxd6 44. Rc3 Rf1 45. Rc5+ Ka4 46. Rc1 Nxe4 47. Kg2 Rf7 48. Ra1+ Kb3 49. Rxa6 Rg7+ 50. Kf3 Rg1 51. Ra1 Nf6 52. Kf2 Rg4 53. Ke2 Re4+ 54. Kd3 Rd4+ 55. Ke3 Nd5+ 56. Ke2 e4 57. Bd2 e3 58. Be1 Re4 59. Rc1 1/2-1/2

[Event "SM-2014-0-00284"]
[Site "LSS email"]
[Date "2014.01.31"]
[Round "?"]
[White "Savic, Milan M"]
[Black "Medvedev, Eduard"]
[Result "1/2-1/2"]
[WhiteElo "2159"]
[BlackElo "2225"]
[PlyCount "84"]
[EventDate "2013.12.10"]
[EventType "tourn (corr)"]
[EventRounds "6"]
[EventCountry "GER"]
[SourceTitle "Corr 2022"]
[Source "ChessBase"]
[SourceDate "2021.10.24"]
[SourceVersion "1"]
[SourceVersionDate "2021.10.24"]
[SourceQuality "1"]

1. e4 c5 2. Nf3 Nc6 3. d4 cxd4 4. Nxd4 Nf6 5. Nc3 e5 6. Ndb5 d6 7. Bg5 a6 8. Na3 b5 9. Nd5 Be7 10. Bxf6 Bxf6 11. c3 Ne7 12. Nxf6+ gxf6 13. Bd3 d5 14. Qe2 dxe4 15. Bxe4 Rb8 16. 0-0 f5 17. Rad1 Qc7 18. Bd5 0-0 19. Nc2 Rb6 20. Bb3 Rg6 21. Rfe1 Bb7 22. f3 e4 23. f4 Bc8 24. Qd2 a5 25. a3 a4 26. Ba2 Nc6 27. Qf2 Be6 28. Bd5 Ne7 29. Ne3 Kg7 30. Rd4 Bc8 31. c4 bxc4 32. Rxc4 Qa5 33. Rc5 Qb6 34. Nc4 Qa7 35. Qd4+ Rf6 36. Re3 Rd8 37. Rg3+ Ng6 38. Ne3 Be6 39. Qc4 Bxd5 40. Rxd5 Rxd5 41. Qxd5 h6 42. Qd8 Qb6 1/2-1/2

[Event "CP-2012-P-00023"]
[Site "LSS email"]
[Date "2012.10.01"]
[Round "?"]
[White "Yangibayev, N."]
[Black "Savic, Milan M"]
[Result "0-1"]
[WhiteElo "945"]
[BlackElo "2018"]
[PlyCount "32"]
[EventDate "2012.10.05"]
[EventType "tourn (corr)"]
[EventRounds "6"]
[EventCountry "GER"]
[SourceTitle "Corr 2022"]
[Source "ChessBase"]
[SourceDate "2021.10.24"]
[SourceVersion "1"]
[SourceVersionDate "2021.10.24"]
[SourceQuality "1"]

1. d4 Nf6 2. Nf3 g6 3. Bg5 Bg7 4. e3 0-0 5. Bd3 c5 6. Nbd2 d5 7. c3 Qb6 8. Qc2 c4 9. Be2 Bf5 10. Qc1 Nc6 11. Nh4 Bd7 12. 0-0 Ne4 13. Nxe4 dxe4 14. Bxc4 e6 15. Qc2 h6 16. Bf4 g5 0-1

[Event "OP-2011-0-01848"]
[Site "LSS email"]
[Date "2011.10.30"]
[Round "?"]
[White "Savic, Milan M"]
[Black "Ovdienko, Mikhail"]
[Result "1-0"]
[WhiteElo "1960"]
[BlackElo "1800"]
[PlyCount "81"]
[EventDate "2011.10.27"]
[EventType "tourn (corr)"]
[EventRounds "4"]
[EventCountry "GER"]
[SourceTitle "Corr 2022"]
[Source "ChessBase"]
[SourceDate "2021.10.24"]
[SourceVersion "1"]
[SourceVersionDate "2021.10.24"]
[SourceQuality "1"]

1. e4 e6 2. d4 d5 3. Nd2 Nf6 4. e5 Nfd7 5. c3 c5 6. Ngf3 Nc6 7. Bd3 Qb6 8. 0-0 cxd4 9. cxd4 Nxd4 10. Nxd4 Qxd4 11. Nf3 Qg4 12. h3 Qh5 13. Bg5 Bc5 14. Rc1 0-0 15. Qd2 a5 16. a3 a4 17. Be2 h6 18. Bh4 b6 19. g4 Qg6 20. Bd3 f5 21. exf6 Qf7 22. Rfe1 Nxf6 23. Ne5 Qc7 24. Ng6 Rf7 25. Qe2 Ne4 26. Kg2 Ng5 27. Bxg5 hxg5 28. h4 d4 29. Kg1 Qd8 30. f4 Rxf4 31. Nxf4 gxf4 32. g5 Ra7 33. Qe4 g6 34. Qxg6+ Rg7 35. Qe4 Qf8 36. Rf1 Qf5 37. Qxf5 exf5 38. Rxf4 Re7 39. Kf2 Kg7 40. h5 Bd7 41. Re1 1-0

[Event "SB-2011-0-00165"]
[Site "LSS email"]
[Date "2011.07.04"]
[Round "?"]
[White "Savic, Milan M"]
[Black "Edwards, KEDG"]
[Result "1/2-1/2"]
[WhiteElo "1939"]
[BlackElo "2004"]
[PlyCount "82"]
[EventDate "2011.06.14"]
[EventType "tourn (corr)"]
[EventRounds "6"]
[EventCountry "GER"]
[SourceTitle "Corr 2022"]
[Source "ChessBase"]
[SourceDate "2021.10.24"]
[SourceVersion "1"]
[SourceVersionDate "2021.10.24"]
[SourceQuality "1"]

1. e4 c5 2. Nf3 d6 3. d4 cxd4 4. Nxd4 Nf6 5. Nc3 g6 6. Be3 Bg7 7. f3 Nc6 8. Qd2 0-0 9. 0-0-0 d5 10. exd5 Nxd5 11. Nxc6 bxc6 12. Bd4 e5 13. Bc5 Be6 14. Ne4 Re8 15. h4 Nf4 16. g3 Nh5 17. g4 Qxd2+ 18. Rxd2 Nf4 19. Ba6 Bd5 20. Be3 Ne6 21. Bd3 f5 22. gxf5 gxf5 23. b3 Kh8 24. Nd6 f4 25. Bf2 Bxf3 26. Re1 Re7 27. Nf5 Ree8 28. Be2 e4 29. Bxf3 exf3 30. Rd3 Bf8 31. Rxf3 h5 32. Rd3 Bc5 33. Bg1 Bxg1 34. Rxg1 Rad8 35. Rxd8 Rxd8 36. Rg6 Nd4 37. Nxd4 Rxd4 38. Rxc6 f3 39. Rf6 Kg7 40. Rxf3 Rxh4 41. c4 Rd4 1/2-1/2

[Event "OP-2011-0-01460"]
[Site "LSS email"]
[Date "2011.03.24"]
[Round "?"]
[White "Siger, Csaba"]
[Black "Savic, Milan M"]
[Result "0-1"]
[WhiteElo "2147"]
[BlackElo "1850"]
[PlyCount "28"]
[EventDate "2011.03.22"]
[EventType "tourn (corr)"]
[EventRounds "4"]
[EventCountry "GER"]
[SourceTitle "Corr 2022"]
[Source "ChessBase"]
[SourceDate "2021.10.24"]
[SourceVersion "1"]
[SourceVersionDate "2021.10.24"]
[SourceQuality "1"]

1. d4 d5 2. c4 c6 3. cxd5 cxd5 4. Nc3 Nf6 5. Bf4 Nc6 6. e3 a6 7. Rc1 Bf5 8. Nf3 Rc8 9. Be2 e6 10. 0-0 Bd6 11. Bg5 0-0 12. Na4 h6 13. Bf4 Bxf4 14. exf4 Bg4 0-1

[Event "SC-2011-0-00095"]
[Site "LSS email"]
[Date "2011.03.21"]
[Round "?"]
[White "Savic, Milan M"]
[Black "Edwards, KEDG"]
[Result "1/2-1/2"]
[WhiteElo "1850"]
[BlackElo "1980"]
[PlyCount "81"]
[EventDate "2011.03.01"]
[EventType "tourn (corr)"]
[EventRounds "6"]
[EventCountry "GER"]
[SourceTitle "Corr 2022"]
[Source "ChessBase"]
[SourceDate "2021.10.24"]
[SourceVersion "1"]
[SourceVersionDate "2021.10.24"]
[SourceQuality "1"]

1. e4 e6 2. d4 d5 3. Nd2 c5 4. Ngf3 cxd4 5. exd5 Qxd5 6. Bc4 Qd6 7. 0-0 Nf6 8. Nb3 Nc6 9. Nbxd4 Nxd4 10. Nxd4 a6 11. Bb3 Qc7 12. Qf3 Bd6 13. h3 0-0 14. Bg5 Nd7 15. c3 b5 16. Rad1 Bb7 17. Qg4 Nc5 18. Bf6 g6 19. Rfe1 Nxb3 20. Nxb3 Be7 21. Be5 Qc8 22. h4 Rd8 23. h5 g5 24. Qg3 f6 25. Bd6 Bxd6 26. Rxd6 Bd5 27. Nd4 Rxd6 28. Qxd6 Qf8 29. Qb6 Qd8 30. Rxe6 Bxe6 31. Qxe6+ Kh8 32. a3 a5 33. g3 b4 34. Nf5 Qf8 35. Nd6 Ra7 36. c4 bxa3 37. bxa3 h6 38. Qd5 Rg7 39. c5 Rd7 40. Qd2 Qa8 41. Qc3 1/2-1/2

[Event "IECG TG-2003-0-15057"]
[Site "IECG email"]
[Date "2003.12.05"]
[Round "1"]
[White "Savic, Milan M"]
[Black "Becker, Steve"]
[Result "1-0"]
[WhiteElo "1000"]
[BlackElo "1000"]
[PlyCount "29"]
[EventDate "2003.12.05"]
[EventType "tourn (corr)"]
[EventRounds "6"]
[SourceTitle "Corr 2024"]
[Source "ChessBase"]
[SourceDate "2023.10.19"]
[SourceVersion "1"]
[SourceVersionDate "2023.10.19"]
[SourceQuality "1"]

1. e4 e5 2. Nf3 Nc6 3. Bb5 a6 4. Ba4 b5 5. Bb3 Nf6 6. 0-0 Bd6 7. d4 exd4 8. e5 Bxe5 9. Nxe5 Nxe5 10. Re1 d6 11. f4 0-0 12. fxe5 dxe5 13. Rxe5 Ng4 14. Rg5 Ne3 15. Bxe3 1-0

[Event "IECG TG-2003-0-14899"]
[Site "IECG email"]
[Date "2003.06.01"]
[Round "2"]
[White "Kirby, Robert"]
[Black "Savic, Milan M"]
[Result "0-1"]
[WhiteElo "923"]
[BlackElo "1000"]
[PlyCount "89"]
[EventDate "2003.06.01"]
[EventType "tourn (corr)"]
[EventRounds "6"]
[SourceTitle "Corr 2024"]
[Source "ChessBase"]
[SourceDate "2023.10.19"]
[SourceVersion "1"]
[SourceVersionDate "2023.10.19"]
[SourceQuality "1"]

1. e4 e5 2. Bc4 Nf6 3. Nc3 Nc6 4. Nf3 Bc5 5. 0-0 d6 6. h3 0-0 7. d3 Na5 8. Na4 Nxc4 9. Nxc5 dxc5 10. dxc4 Nxe4 11. Nxe5 Bf5 12. Qf3 Nd6 13. Be3 Re8 14. Nd3 b6 15. Rad1 Qf6 16. b3 Qc3 17. Qc6 Rac8 18. Ne1 Bg6 19. Bf4 Nf5 20. Qd7 Nd4 21. Bxc7 Qa5 22. a4 Be4 23. Nd3 Bf5 24. Qd6 Ne6 25. Qd7 Bxd3 26. Rxd3 Nxc7 27. Rfd1 Ne6 28. Rf3 Rf8 29. Rxf7 Rcd8 30. Rxf8+ Kxf8 31. Qxd8+ Nxd8 32. Rxd8+ Ke7 33. Rd1 Qc3 34. g3 Qxc2 35. Re1+ Kd7 36. Re3 Qd1+ 37. Kg2 g6 38. g4 g5 39. Rf3 Kc6 40. Rf6+ Kb7 41. Rf7+ Ka6 42. Rxh7 Qxb3 43. Rg7 Qxc4 44. Rxg5 Qxa4 45. Re5 0-1

[Event "IECG TG-2003-0-14899"]
[Site "IECG email"]
[Date "2003.06.01"]
[Round "1"]
[White "Savic, Milan M"]
[Black "Kirby, Robert"]
[Result "1-0"]
[WhiteElo "1000"]
[BlackElo "923"]
[PlyCount "62"]
[EventDate "2003.06.01"]
[EventType "tourn (corr)"]
[EventRounds "6"]
[SourceTitle "Corr 2024"]
[Source "ChessBase"]
[SourceDate "2023.10.19"]
[SourceVersion "1"]
[SourceVersionDate "2023.10.19"]
[SourceQuality "1"]

1. e4 e5 2. Nf3 d6 3. d4 Nc6 4. Bb5 Bd7 5. Nc3 exd4 6. Nxd4 Nxd4 7. Bxd7+ Qxd7 8. Qxd4 Ne7 9. Be3 Nc6 10. Qa4 Be7 11. Nd5 0-0 12. 0-0-0 Rfe8 13. h4 Rab8 14. h5 b5 15. Qb3 h6 16. g4 a5 17. g5 a4 18. Qa3 Bxg5 19. Bxg5 hxg5 20. h6 Rxe4 21. hxg7 Kxg7 22. Qc3+ Ne5 23. Rh7+ Kxh7 24. Nf6+ Kg6 25. Nxd7 Rb7 26. Nxe5+ Rxe5 27. Qd3+ f5 28. Qh3 Re4 29. Qh8 a3 30. f3 axb2+ 31. Kb1 Re7 1-0